000 00534nam a2200181Ia 4500
003 GCL
008 140319s9999 xx 000 0 ara d
040 _aGCL /
_cGCL
082 0 4 _a224.2
_bا ا
100 1 _aاحمد ماهر محمود البقرى
245 1 0 _aاساليب النفى فى القران /
_cاحمد ماهر محمود البقرى
260 _a[S.N] :
_bدار المعارف ،
_c1984
300 _a352 ص
490 _a
650 0 4 _aاعراب القرأن
650 0 4 _aالقران
942 _2ddc
_cBK
999 _c55206
_d55206